000 00399nam a2200157Ia 4500
008 210716s2005 xx 000 0 und d
020 _a70603685
041 _aeng
082 _a621.3916 PEAJ
100 _aPeatman, John B.
245 _aMicrocomputer based design.
250 _a1
260 _aNew Delhi
_bTata McGraw Hill Publishing Company Ltd
_c2005
300 _axiii,590
650 _aNone
999 _c187588
_d187588